Circuits de Formule 1 #5 - Statistiques

Statistiques générales
  • Ce quiz a été pris 166 fois
  • Le résultat moyen est 3 sur 17
Statistiques - réponses
Par images Hint Réponse % Correct
Bonus : Circuito de Hanoi
73%
Caesars Palace Grand Prix Circuit
58%
Long Beach Street Circuit
27%
Watkins Glen International
27%
Circuito di Pescara
24%
Sebring International Raceway
24%
Circuit de Rouen-les-Essarts
19%
Autodromo Juan y Oscar Gàlvez
16%
Phoenix Street Circuit
16%
Circuit Mont-Tremblant
12%
Circuit de Nivelles-Baulers
9%
Circuito de Monjuïc
7%
Prince George Circuit
7%
Mosport Park
5%
Riverside International Raceway
5%
Monsanto Park
3%
Tanaka International Circuit
3%
Aucun quiz correspondant
Distribution des résultats
% des personnes avec chaque résultat
Percentile par nombre de réponses
Votre historique - résultats
Vous n’avez pas pris ce quiz